[Event "27. Friedensfest-Open (AFRO-A)"]
[Site "Augsburg"]
[Date "2022.08.05"]
[Round "4.3"]
[White "Feldmann, Johannes"]
[Black "Scheftlein, Richard"]
[Result "1/2-1/2"]
[WhiteElo "2240"]
[BlackElo "2285"]
[EventDate "2022.08.04"]
[Time "15:30:00"]
[WhiteTeam "SV Worms 1878"]
[BlackTeam "Erfurter SK"]

1.c4 Nf6 2.Nc3 e6 3.e4 d5 4.e5 d4 5.exf6 dxc3 6.bxc3 Qxf6 7.d4 b6 8.Be2 
Bb7 9.Bf3 Bxf3 10.Nxf3 Bd6 11.Qa4+ c6 12.O-O O-O 13.Rb1 Qd8 14.Ng5 Be7 15.
h4 h6 16.Nf3 Qc7 17.Ne5 Bxh4 18.Bf4 Qb7 19.Rbe1 Bf6 20.Qd1 Bxe5 21.dxe5 
Qe7 22.Qg4 f5 23.exf6 Rxf6 24.Be5 Rf7 25.Bxb8 Rxb8 26.Rxe6 Qg5 27.Qxg5 
hxg5 28.Rxc6 1/2-1/2

[Event "27. Friedensfest-Open (AFRO-A)"]
[Site "Augsburg"]
[Date "2022.08.06"]
[Round "5.8"]
[White "Niedermeier, Thomas"]
[Black "Lang, Thomas"]
[Result "1-0"]
[WhiteElo "2253"]
[BlackElo "1792"]
[EventDate "2022.08.04"]
[Time "09:30:00"]
[WhiteTeam "SV Ilmmuenster"]
[BlackTeam "SG Schwaebisch Gmuend 1872 e.V"]

1.c4 Nf6 2.Nc3 g6 3.e4 d6 4.d4 Bg7 5.Be2 O-O 6.Be3 c6 7.g4 Ne8 8.Qd2 Qc7 
9.h4 f5 10.h5 fxg4 11.hxg6 hxg6 12.O-O-O Nf6 13.Bd3 e5 14.dxe5 dxe5 15.c5 
Be6 16.f4 Nbd7 17.f5 gxf5 18.exf5 Bd5 19.Nge2 Bxh1 20.Rxh1 Kf7 21.Bc4+ Ke7
22.Re1 e4 23.Bf4 Ne5 24.Qd4 Nh5 25.Qxe4 Kd8 26.Rd1+ Kc8 27.Be6+ Kb8 28.Rd7
Nxd7 29.Bxc7+ Kxc7 30.Bxd7 Kxd7 31.Qxg4 Bxc3 32.Nxc3 Rh8 33.Qd4+ Ke7 34.
Qd6+ Kf7 35.Ne4 Rag8 36.Qd7+ Kf8 37.Qd8+ Kg7 38.Qe7+ Kh6 39.Qxb7 Rg1+ 40.
Kc2 Rg2+ 41.Kc3 Rhg8 42.Qxc6+ Kh7 43.Qd7+ R8g7 44.Qe8 Kh6 45.f6 R7g4 46.f7
Nf6 1-0

[Event "27. Friedensfest-Open (AFRO-A)"]
[Site "Augsburg"]
[Date "2022.08.06"]
[Round "5.40"]
[White "Bilandzic, Ante"]
[Black "Dillimann, Hans-Peter"]
[Result "1-0"]
[WhiteElo "1923"]
[BlackElo "1855"]
[EventDate "2022.08.04"]
[Time "09:30:00"]
[WhiteTeam "FC Bayern Muenchen e.V."]
[BlackTeam "SK Keres-Augsburg 1980"]

1.d4 b6 2.Bf4 Bb7 3.e3 e6 4.Nf3 Nf6 5.Nbd2 Nh5 6.Bg3 Nxg3 7.hxg3 c5 8.c3 
Nc6 9.Bd3 g6 10.Ne4 cxd4 11.exd4 Bg7 12.Nd6+ Kf8 13.Nxb7 Qc7 14.Ba6 Nb8 
15.Qa4 Nxa6 16.Qxa6 Rb8 17.Qa3+ Kg8 18.Nd6 Bf8 19.Nb5 Qc6 20.Qb3 a6 21.Na3
Qe4+ 22.Kf1 d5 23.Re1 Qf5 24.Nc2 Bd6 25.Ne3 Qd3+ 26.Kg1 Kg7 27.Qc2 Qb5 28.
Qd2 Rbe8 29.Ng4 h5 30.Nge5 f6 31.Nd3 Qd7 32.Qc2 Qf7 33.Re2 Bb8 34.Qa4 a5 
35.Qc6 Bc7 36.Nf4 g5 37.Nxe6+ Kg6 38.Re3 1-0

[Event "27. Friedensfest-Open (AFRO-A)"]
[Site "Augsburg"]
[Date "2022.08.04"]
[Round "1.34"]
[White "Nowak, Maciej"]
[Black "Dillimann, Hans-Peter"]
[Result "1-0"]
[WhiteElo "1642"]
[BlackElo "1855"]
[EventDate "2022.08.04"]
[WhiteTeam "?"]
[BlackTeam "SK Keres-Augsburg 1980"]

1.d4 b6 2.c4 Bb7 3.Nc3 e6 4.e3 Ne7 5.Nge2 g6 6.Ng3 Bg7 7.f3 Na6 8.a3 c5 9.
Nb5 d5 10.cxd5 Nxd5 11.dxc5 O-O 12.e4 Ndc7 13.Qxd8 Rfxd8 14.Nxc7 Nxc7 15.
cxb6 axb6 16.Be2 Na6 17.O-O Nc5 18.Be3 Bxb2 19.Rab1 Na4 20.Bxb6 Rd6 21.Be3
Bc6 22.Bc5 Rd2 23.Bb4 Nc3 24.Bxc3 Bxc3 25.Rb3 e5 26.Rxc3 1-0

[Event "27. Friedensfest-Open (AFRO-A)"]
[Site "Augsburg"]
[Date "2022.08.05"]
[Round "3.39"]
[White "Geutner, Steffen"]
[Black "Dillimann, Hans-Peter"]
[Result "1-0"]
[WhiteElo "1929"]
[BlackElo "1855"]
[EventDate "2022.08.04"]
[Time "09:30:00"]
[WhiteTeam "TSV Langenau"]
[BlackTeam "SK Keres-Augsburg 1980"]

1.d4 b6 2.e4 Bb7 3.f3 e6 4.Be3 Nf6 5.Bd3 Nc6 6.a3 Na5 7.b4 Nc6 8.Nd2 Be7 
9.Ne2 h6 10.c3 Nh5 11.Qc2 d6 12.O-O-O Nf6 13.Kb2 Nd7 14.f4 a6 15.e5 Na7 
16.Rhg1 c5 17.Be4 d5 18.Bf3 cxb4 19.cxb4 a5 20.Qb3 Nc6 21.b5 a4 22.Qd3 Na5
23.f5 Nc4+ 24.Nxc4 dxc4 25.Qxc4 Bxf3 26.gxf3 exf5 27.Rxg7 Rf8 28.Rc1 Qb8 
29.Bf4 Qb7 30.e6 fxe6 31.Qxe6 Nf6 32.Rc7 1-0

[Event "27. Friedensfest-Open (AFRO-A)"]
[Site "Augsburg"]
[Date "2022.08.06"]
[Round "5.41"]
[White "Stakor, Darko"]
[Black "Heyne, Regina"]
[Result "0-1"]
[WhiteElo "1680"]
[BlackElo "1861"]
[EventDate "2022.08.04"]
[Time "09:30:00"]
[WhiteTeam "SK Kriegshaber"]
[BlackTeam "FC Bayern Muenchen e.V."]

1.d4 d5 2.Bf4 Nc6 3.e3 Nf6 4.Nf3 h6 5.Nc3 a6 6.h3 Bf5 7.Bd3 Bxd3 8.cxd3 e6
9.O-O Be7 10.Qb3 Qc8 11.Rac1 O-O 12.Rfd1 Nd7 13.e4 dxe4 14.dxe4 Qb8 15.d5 
Nc5 16.Qc2 Nb4 17.Qb1 exd5 18.Nxd5 Nxd5 19.Rxd5 Ne6 20.Bxc7 Nxc7 21.Rd7 
Bd8 22.Nd4 Re8 23.Qd3 Ne6 24.Nf5 Qf4 25.Rc3 Bf6 0-1

[Event "27. Friedensfest-Open (AFRO-A)"]
[Site "Augsburg"]
[Date "2022.08.04"]
[Round "2.23"]
[White "Baur, Frank"]
[Black "Cordes, Jule Johanne"]
[Result "1-0"]
[WhiteElo "2018"]
[BlackElo "1802"]
[EventDate "2022.08.04"]
[Time "15:30:00"]
[WhiteTeam "SF Mengen"]
[BlackTeam "Bielefelder SK von 1883"]

1.d4 d5 2.Nc3 Nf6 3.Bf4 c5 4.e4 Nxe4 5.Nxe4 dxe4 6.dxc5 Qa5+ 7.c3 Qxc5 8.
Qa4+ Nc6 9.Qxe4 Bf5 10.Qa4 e5 11.Be3 Qd6 12.Nf3 Be7 13.Rd1 Qc7 14.Bb5 O-O 
15.O-O Na5 16.Bd7 Bg6 17.b3 b6 18.Rd5 Bf6 19.Rfd1 Be4 20.Qxe4 Rad8 21.c4 
Nb7 22.g4 g6 23.Ba4 Nd6 24.Qb1 e4 25.Bf4 Qc8 26.h3 Nxc4 27.Rxd8 Rxd8 28.
Rxd8+ Qxd8 29.Qxe4 Qd1+ 30.Kg2 Nd6 31.Bxd6 Qxd6 32.Bb5 1-0

[Event "27. Friedensfest-Open (AFRO-A)"]
[Site "Augsburg"]
[Date "2022.08.07"]
[Round "7.2"]
[White "Haller, Quentin"]
[Black "Nasshan, Dennis"]
[Result "1/2-1/2"]
[WhiteElo "2026"]
[BlackElo "2312"]
[EventDate "2022.08.04"]
[Time "09:30:00"]
[WhiteTeam "?"]
[BlackTeam "SV Worms 1878"]

1.d4 d5 2.Bf4 c5 3.e3 Nc6 4.c3 Nf6 5.Nd2 Bf5 6.Qb3 Qd7 7.Ngf3 c4 8.Qd1 e6 
9.a4 Be7 10.b3 cxb3 11.Qxb3 O-O 12.Bb5 Nh5 13.Bg3 Nxg3 14.hxg3 Qc7 15.O-O 
Rfc8 16.Rfc1 Na5 17.Qd1 Qd8 18.Bf1 Rc7 19.c4 dxc4 20.Nxc4 Nxc4 21.Rxc4 
Rac8 22.Rac1 Ba3 23.Rxc7 Rxc7 24.Rxc7 Qxc7 25.Qb3 Bd6 26.Bc4 h6 27.Ne1 Qa5
28.Nf3 Qb4 29.Ne5 Qxb3 30.Bxb3 Kf8 31.Kf1 Ke7 32.Ke2 f6 33.Nd3 Be4 34.f3 
Bc6 35.Nf4 Bd7 36.d5 exd5 37.Nxd5+ Kd8 38.f4 Bc6 39.e4 Kd7 40.Kd3 Ba3 41.
Ne3 Bd6 42.Nf5 Bf8 43.Nd4 Bd6 44.Nf5 Bf8 45.Nd4 1/2-1/2

[Event "27. Friedensfest-Open (AFRO-A)"]
[Site "Augsburg"]
[Date "2022.08.04"]
[Round "2.26"]
[White "Baur, Volker, Dr."]
[Black "Rempel, Alexander sen."]
[Result "1-0"]
[WhiteElo "1973"]
[BlackElo "1663"]
[EventDate "2022.08.04"]
[Time "15:30:00"]
[WhiteTeam "SF Mengen"]
[BlackTeam "SF Augsburg"]

1.d4 d5 2.Nc3 Nf6 3.Bf4 a6 4.e3 e6 5.g4 h6 6.Qf3 c5 7.O-O-O Bd7 8.h4 Ne4 
9.Nxe4 dxe4 10.Qg3 Nc6 11.Bc7 Qc8 12.Bg2 cxd4 13.Bxe4 e5 14.Bxe5 Bxg4 15.
f3 Nxe5 16.Qxe5+ Be6 17.exd4 f6 18.Bg6+ Kd8 19.Qa5+ Qc7 20.Qxc7+ Kxc7 21.
d5 Bd7 22.Ne2 Bd6 23.Nd4 Rhf8 24.Bf5 Bxf5 25.Nxf5 Bf4+ 26.Kb1 g6 27.Nd4 
1-0

[Event "27. Friedensfest-Open (AFRO-A)"]
[Site "Augsburg"]
[Date "2022.08.05"]
[Round "4.10"]
[White "Martin, Mike"]
[Black "Speicher, Franz"]
[Result "1-0"]
[WhiteElo "2121"]
[BlackElo "1842"]
[EventDate "2022.08.04"]
[Time "15:30:00"]
[WhiteTeam "SV Worms 1878"]
[BlackTeam "SV Dicker Turm Esslingen"]

1.d4 d5 2.e3 e6 3.Bd3 Nf6 4.Nf3 c5 5.c3 Nc6 6.O-O Bd6 7.Nbd2 O-O 8.Re1 
cxd4 9.exd4 Qc7 10.Qe2 g6 11.Ne5 Nh5 12.g3 Nxe5 13.dxe5 Bc5 14.Nb3 Bb6 15.
Bh6 Ng7 16.Bg5 Nh5 17.g4 f6 18.Bh6 fxe5 19.gxh5 Rxf2 20.Qxf2 Bxf2+ 21.Kxf2
e4 22.Be2 Qxh2+ 23.Ke3 Bd7 24.Rh1 Qg3+ 25.Kd2 e3+ 26.Bxe3 Rf8 27.hxg6 hxg6
28.Rag1 1-0

[Event "27. Friedensfest-Open (AFRO-A)"]
[Site "Augsburg"]
[Date "2022.08.06"]
[Round "5.11"]
[White "Haller, Quentin"]
[Black "Doll, Luca Fabio"]
[Result "1-0"]
[WhiteElo "2026"]
[BlackElo "1653"]
[EventDate "2022.08.04"]
[Time "09:30:00"]
[WhiteTeam "?"]
[BlackTeam "TSV Langenau"]

1.d4 d5 2.Bf4 e6 3.e3 Nf6 4.Nd2 Bd6 5.Bg3 O-O 6.Bd3 Qe7 7.Ngf3 Nbd7 8.c3 
e5 9.dxe5 Nxe5 10.Nxe5 Bxe5 11.Nf3 Bd6 12.Qc2 c6 13.Nd4 Re8 14.O-O Bxg3 
15.hxg3 h6 16.c4 dxc4 17.Bxc4 Ng4 18.Nf3 Ne5 19.Nxe5 Qxe5 20.Qb3 Qc7 21.
Rad1 Be6 22.Bxe6 Rxe6 23.Rd2 Ree8 24.Rfd1 Rad8 25.Qb4 b6 26.Qf4 Qxf4 27.
gxf4 Rxd2 28.Rxd2 Kf8 29.Kf1 Ke7 30.e4 f6 31.Ke2 Rd8 32.Rxd8 Kxd8 33.Kd3 
Kd7 34.f5 Kd6 35.f4 h5 36.b4 c5 37.Kc4 cxb4 38.Kxb4 a6 39.Kc4 h4 40.Kd4 
Kc6 41.e5 fxe5+ 42.fxe5 b5 43.Ke4 a5 44.Kd4 a4 45.a3 Kb6 46.f6 1-0

[Event "27. Friedensfest-Open (AFRO-A)"]
[Site "Augsburg"]
[Date "2022.08.06"]
[Round "6.39"]
[White "Jovy, Klaus"]
[Black "Blodig, Vincent"]
[Result "0-1"]
[WhiteElo "1850"]
[BlackElo "1507"]
[EventDate "2022.08.04"]
[Time "15:30:00"]
[WhiteTeam "SK Mering"]
[BlackTeam "SF Augsburg"]

1.d4 d5 2.Bf4 Nf6 3.e3 e6 4.Bd3 c5 5.c3 Bd6 6.Bg3 Qc7 7.Nf3 Nbd7 8.Nbd2 
O-O 9.O-O Bxg3 10.fxg3 e5 11.Bf5 cxd4 12.exd4 e4 13.Ng5 h6 14.Nh3 Nb6 15.
Qe2 Bxf5 16.Rxf5 Rac8 17.Raf1 Nh7 18.Nf4 Qd6 19.Nxd5 Nxd5 20.Qxe4 Nhf6 21.
Qh4 Ne3 22.Rxf6 Qd5 23.R1f3 gxf6 24.Rxe3 Qxa2 25.Qxh6 Qa1+ 26.Kf2 Rfe8 27.
Ne4 Rxe4 28.Rxe4 Qxb2+ 29.Kf3 Qxc3+ 30.Kg4 Qc6 31.Rf4 f5+ 32.Kg5 Qxh6+ 33.
Kxh6 Rd8 34.Kg5 Rd5 35.Kf6 a5 36.h4 a4 37.h5 a3 38.Rf3 Ra5 39.Rf1 a2 40.
Ra1 b5 41.d5 b4 42.d6 b3 43.d7 Ra6+ 44.Ke5 Ra8 45.Kf6 Rd8 46.Ke7 Rxd7+ 47.
Kxd7 b2 48.Rxa2 b1=Q 49.Ra5 Qb7+ 50.Ke8 Qc8+ 51.Ke7 Qc7+ 0-1

[Event "27. Friedensfest-Open (AFRO-A)"]
[Site "Augsburg"]
[Date "2022.08.05"]
[Round "4.24"]
[White "Baur, Volker, Dr."]
[Black "Wunderlich, Elias"]
[Result "1-0"]
[WhiteElo "1973"]
[BlackElo "1734"]
[EventDate "2022.08.04"]
[Time "15:30:00"]
[WhiteTeam "SF Mengen"]
[BlackTeam "SC Garching 1980 e.V."]

1.d4 d5 2.Nc3 Nf6 3.Bf4 a6 4.e3 c5 5.dxc5 Nc6 6.a3 e5 7.Bg5 Be6 8.b4 a5 9.
Bb5 axb4 10.axb4 Rxa1 11.Qxa1 h6 12.Bh4 g5 13.Bg3 Nd7 14.Qa4 Qc7 15.Nge2 
f5 16.Bxc6 bxc6 17.Nd4 Kf7 18.f3 f4 19.Nxe6 Kxe6 20.exf4 gxf4 21.Bf2 Bg7 
22.Qa6 e4 23.Nxd5 Qc8 24.Qxc8 Rxc8 25.Nxf4+ Kf5 26.Ne2 exf3 27.gxf3 Rb8 
28.c3 Ne5 29.Bg3 Nd3+ 30.Kd2 Rd8 31.Bd6 Nb2 32.Ng3+ Ke6 33.Re1+ Kd5 34.Nf5
Nc4+ 35.Kc2 Nxd6 36.cxd6 Bf8 37.Kd3 c5 38.c4+ Kc6 39.b5+ Kd7 40.Re5 Rc8 
41.Ke4 Kd8 42.Ne7 Ra8 43.Rxc5 Bxe7 44.dxe7+ Kxe7 45.Rc7+ Kf6 46.b6 Re8+ 
47.Kd5 1-0

[Event "27. Friedensfest-Open (AFRO-A)"]
[Site "Augsburg"]
[Date "2022.08.05"]
[Round "4.7"]
[White "Jacob, Dominik"]
[Black "Hauser, Carlos, Dr."]
[Result "1-0"]
[WhiteElo "1758"]
[BlackElo "2253"]
[EventDate "2022.08.04"]
[Time "15:30:00"]
[WhiteTeam "BC Aichach"]
[BlackTeam "SV 1947 Walldorf"]

1.d4 d5 2.Bf4 Nf6 3.e3 c5 4.c3 Qb6 5.b3 Nc6 6.Bd3 Bg4 7.Nf3 Nh5 8.Bg5 h6 
9.Bh4 g5 10.h3 Bd7 11.dxc5 Qxc5 12.Nd4 Nf6 13.Bg3 Bg7 14.Nb5 Rc8 15.Nc7+ 
Kf8 16.b4 Qb6 17.a4 a5 18.bxa5 Qb2 19.Ra3 Nxa5 20.O-O Bc6 21.Nb5 Nc4 22.
Rb3 Qa2 23.Rb4 Ne4 24.Bxe4 dxe4 25.Na7 Ra8 26.Nxc6 bxc6 27.Qd7 Na5 28.Bc7 
Qe6 29.Qxe6 fxe6 30.Rxe4 Kf7 31.f4 Bf6 32.fxg5 hxg5 33.Nd2 Rh4 34.Be5 Rd8 
35.Rxh4 gxh4 36.Ne4 Rd3 37.Nxf6 exf6 38.Bxf6 Ke8 39.Bxh4 Rxe3 40.Re1 Rxc3 
41.Rxe6+ Kd7 42.Re7+ Kd6 43.Ra7 Nc4 44.Be7+ Kd5 45.a5 c5 46.h4 Ne5 47.Kf2 
Ng4+ 48.Ke2 Re3+ 49.Kd2 Rg3 50.a6 Rxg2+ 51.Kc3 Rg3+ 52.Kb2 Rg2+ 53.Ka3 
Rg3+ 54.Ka4 Rg1 55.Rc7 c4 56.a7 Ra1+ 57.Ba3 1-0

[Event "27. Friedensfest-Open (AFRO-A)"]
[Site "Augsburg"]
[Date "2022.08.05"]
[Round "4.17"]
[White "Stork, Simon"]
[Black "Werner, Denis"]
[Result "1/2-1/2"]
[WhiteElo "2095"]
[BlackElo "1939"]
[EventDate "2022.08.04"]
[Time "15:30:00"]
[WhiteTeam "TSV Langenau"]
[BlackTeam "SC Garching 1980 e.V."]

1.d4 d5 2.c4 c6 3.cxd5 cxd5 4.Nf3 Nf6 5.Nc3 Nc6 6.Bf4 a6 7.e3 Bg4 8.Be2 e6
9.Qb3 Bxf3 10.Bxf3 Na5 11.Qc2 Be7 12.O-O O-O 13.Rfd1 Rc8 14.Qe2 b5 15.Rac1
Qd7 16.Nb1 Rc6 17.Rxc6 Qxc6 18.Qe1 b4 19.a3 Rc8 20.axb4 Nb3 21.Qc3 Qxc3 
22.bxc3 1/2-1/2

[Event "27. Friedensfest-Open (AFRO-A)"]
[Site "Augsburg"]
[Date "2022.08.05"]
[Round "3.30"]
[White "Nowak, Maciej"]
[Black "Jaskulski, Jan"]
[Result "1/2-1/2"]
[WhiteElo "1642"]
[BlackElo "1846"]
[EventDate "2022.08.04"]
[WhiteELO "1642"]
[BlackELO "1846"]
[BlackTeam "SV Jedesheim 1921"]

1.d4 d5 2.c4 c6 3.cxd5 cxd5 4.Nc3 Nf6 5.Bf4 a6 6.e3 Nc6 7.Bd3 e6 8.Nf3 Be7
9.O-O Nh5 10.Be5 Nxe5 11.Nxe5 Nf6 12.Qa4+ Bd7 13.Qb3 b5 14.Rac1 O-O 15.a3 
Bd6 16.Nxd7 Qxd7 17.Qd1 Rfb8 18.b4 Ra7 19.Qe2 Rc7 20.Qb2 Qe7 21.Rb1 Nd7 
22.Rfc1 Nb6 23.Rc2 Nc4 24.Bxc4 Rxc4 25.Na2 Rbc8 26.Rbc1 Bxh2+ 27.Kf1 Bd6 
28.Rxc4 Rxc4 29.Rxc4 dxc4 30.Nc3 Qh4 31.f4 Qh1+ 32.Kf2 Be7 33.Qe2 Bh4+ 34.
Kf3 f5 35.Qd1 Qh2 36.Qf1 Qg3+ 37.Ke2 g5 38.fxg5 Bxg5 39.Qf3 Qxf3+ 40.Kxf3 
Kf7 41.a4 bxa4 42.Nxa4 Be7 43.Nc5 Bxc5 44.dxc5 e5 45.g3 Ke7 46.Ke2 Ke6 47.
Kd2 Kd5 48.Kc3 h5 49.Kd2 Kc6 50.Kc2 Kb5 51.Kc3 f4 52.exf4 exf4 53.gxf4 h4 
54.f5 h3 55.f6 h2 56.f7 h1=Q 57.f8=Q Qa1+ 58.Kc2 Qa4+ 59.Kc1 Qxb4 60.Qe8+ 
Kxc5 61.Qc8+ Kb5 62.Qb7+ Ka5 63.Qc7+ Ka4 64.Qc6+ Qb5 65.Qf6 a5 66.Qa1+ Kb4
67.Qb2+ Kc5 68.Qe5+ Kc6 69.Qe8+ Kb6 70.Qb8+ Kc5 71.Qe5+ Kc6 72.Qe8+ Kc5 
73.Qe3+ {valid claim for threefold repetition after Qe5+ to come} 1/2-1/2

[Event "27. Friedensfest-Open (AFRO-A)"]
[Site "Augsburg"]
[Date "2022.08.04"]
[Round "1.36"]
[White "Portnov, Dmytro"]
[Black "Jaskulski, Jan"]
[Result "0-1"]
[WhiteElo "1531"]
[BlackElo "1846"]
[EventDate "2022.08.04"]
[WhiteTeam "SC Weisse Dame Ulm e.V."]
[BlackTeam "SV Jedesheim 1921"]

1.d4 d5 2.c4 c6 3.Nc3 Nf6 4.cxd5 cxd5 5.Bf4 a6 6.e3 Nc6 7.Nf3 Bf5 8.Qb3 
Na5 9.Qa4+ b5 10.Bxb5+ axb5 11.Nxb5 Bd7 12.b4 Qb6 13.Rb1 Qxb5 14.Qxb5 Bxb5
15.bxa5 Bd3 16.Rb7 Ba6 17.Rb6 Nd7 18.Rb2 e6 19.Kd2 Be7 20.h4 O-O 21.g4 Nf6
22.Bg5 Ne4+ 23.Ke1 Rfc8 24.Kd1 Ba3 25.Rc2 Rxc2 26.Kxc2 Rc8+ 27.Kb3 Rc3+ 
28.Ka4 Bf8 0-1

[Event "27. Friedensfest-Open (AFRO-A)"]
[Site "Augsburg"]
[Date "2022.08.07"]
[Round "7.34"]
[White "Schwertler, Philip"]
[Black "Rempel, Alexander sen."]
[Result "1-0"]
[WhiteElo "2112"]
[BlackElo "1663"]
[EventDate "2022.08.04"]
[Time "09:30:00"]
[WhiteTeam "SV Ilmmuenster"]
[BlackTeam "SF Augsburg"]

1.d4 d5 2.c4 c6 3.Nc3 Nf6 4.Nf3 Bf5 5.e3 e6 6.cxd5 exd5 7.Be2 Be7 8.O-O 
O-O 9.Bd2 Re8 10.a3 a5 11.Qb3 Qc7 12.Rac1 Rd8 13.Ne5 c5 14.Nb5 Qb6 15.dxc5
Bxc5 16.a4 Nbd7 17.Bd3 Ne4 18.Qxd5 Nxe5 19.Qxe5 Nxd2 20.Qxf5 Nxf1 21.Qxh7+
Kf8 22.Bxf1 Rac8 23.Qh8+ Ke7 24.Qxg7 Qf6 25.Qg4 Qe6 26.Qg5+ Qf6 27.Rxc5 
Qxg5 28.Rxg5 Rd1 29.Nc3 Rd2 30.Rb5 Rb8 31.h4 Kd7 32.Bc4 f6 33.g4 Kc6 34.
Kg2 Rg8 1-0

[Event "27. Friedensfest-Open (AFRO-A)"]
[Site "Augsburg"]
[Date "2022.08.06"]
[Round "6.13"]
[White "Kleih, Julian"]
[Black "Luhn, Robert"]
[Result "1/2-1/2"]
[WhiteElo "1868"]
[BlackElo "1989"]
[EventDate "2022.08.04"]
[Time "15:30:00"]
[WhiteTeam "SV Dettingen Erms"]
[BlackTeam "SK Caissa Augsburg"]

1.d4 d5 2.c4 c6 3.Nf3 Nf6 4.e3 e6 5.Bd3 dxc4 6.Bxc4 b5 7.Bb3 Bb7 8.O-O 
Nbd7 9.a4 a6 10.Qe2 Be7 11.Rd1 Qb6 12.e4 c5 13.d5 c4 14.Be3 Bc5 15.Bxc5 
Nxc5 16.Bc2 O-O 17.axb5 axb5 18.Rxa8 Rxa8 19.dxe6 Nxe6 20.e5 Nd5 21.Qe4 g6
22.Rxd5 Nc7 23.Rd6 Bxe4 24.Rxb6 Bxc2 25.Nbd2 Ra1+ 26.Nf1 Bd3 27.Nd2 Nd5 
28.Rxb5 c3 29.Rb8+ Kg7 30.bxc3 Nxc3 31.f3 Nd1 32.Rb3 Bc2 33.Rb6 1/2-1/2

[Event "27. Friedensfest-Open (AFRO-A)"]
[Site "Augsburg"]
[Date "2022.08.05"]
[Round "4.27"]
[White "Parsch, Christian"]
[Black "Schwertler, Philip"]
[Result "1-0"]
[WhiteElo "1879"]
[BlackElo "2112"]
[EventDate "2022.08.04"]
[Time "15:30:00"]
[WhiteTeam "SC Roter Turm Altstadt"]
[BlackTeam "SV Ilmmuenster"]

1.d4 d5 2.c4 c6 3.Nf3 Nf6 4.e3 a6 5.Nc3 Bf5 6.Nh4 Bg4 7.Qb3 b5 8.cxb5 cxb5
9.h3 Be6 10.a4 b4 11.Qxb4 Nc6 12.Qb3 g5 13.Nf3 Bf5 14.Ne5 Na5 15.Qd1 Qb6 
16.Bd3 Bxd3 17.Nxd3 Bg7 18.O-O O-O 19.b4 Nc4 20.Qb3 e6 21.Nb2 Rfc8 22.Nxc4
Rxc4 23.Ba3 g4 24.Kh1 gxh3 25.gxh3 Rac8 26.Rac1 Qd8 27.Rg1 Kh8 28.b5 axb5 
29.axb5 Qa5 30.Bb2 Nd7 31.Qa2 Qd8 32.Kh2 Qh4 33.Rg3 Bf8 34.Rcg1 Bd6 35.f4 
Bb4 36.Qa7 Qe7 37.Na4 Rc2+ 38.Kh1 Qd6 39.Nc5 Rxb2 40.Nxd7 Qe7 41.Nb6 Rd8 
42.Qa1 Bc3 43.Qd1 Qh4 44.Na4 Rd2 45.Qc1 Ba5 46.b6 Qh5 47.Qc7 Re8 48.Qd7 
Rf8 49.Qe7 Qh6 50.b7 1-0

[Event "27. Friedensfest-Open (AFRO-A)"]
[Site "Augsburg"]
[Date "2022.08.07"]
[Round "7.33"]
[White "Muench, Klaus-Norbert, Dr."]
[Black "Schoenwetter, Martin"]
[Result "0-1"]
[WhiteElo "2149"]
[BlackElo "1498"]
[EventDate "2022.08.04"]
[Time "09:30:00"]
[WhiteTeam "Schachges. Augsburg 1873"]
[BlackTeam "Schachges. Augsburg 1873"]

1.d4 d5 2.c4 c6 3.Nf3 Nf6 4.Nc3 e6 5.Bg5 Be7 6.e3 O-O 7.Rc1 Nbd7 8.Qc2 a6 
9.c5 Nh5 10.Bxe7 Qxe7 11.Bd3 Nhf6 12.O-O e5 13.Bf5 e4 14.Bxd7 Nxd7 15.Nd2 
f5 16.Rce1 Qh4 17.f3 Nf6 18.g3 Qg5 19.b4 h5 20.Rf2 h4 21.Nf1 Nh5 22.f4 Qh6
23.gxh4 Nf6 24.Rg2 Qxh4 25.Qf2 Qh6 26.Qg3 Be6 27.Qg5 Qxg5 28.Rxg5 Nh7 29.
Rg2 Kf7 30.a4 Rg8 31.h4 Rh8 32.b5 axb5 33.axb5 Nf6 34.bxc6 bxc6 35.Rb1 Ra7
36.Rb6 Bd7 37.Rgb2 Rxh4 38.Rb7 Rxb7 39.Rxb7 Rh8 40.Na4 Ke6 41.Nb6 Rg8 42.
Kf2 Be8 43.Rc7 g5 44.Nd2 gxf4 45.exf4 Rg4 46.Nb3 Rxf4+ 47.Ke1 Rh4 48.Na5 
Rh7 49.Rc8 f4 50.Nxc6 Kf5 51.Nxd5 Bxc6 52.Nxf6 Rh1+ 53.Kd2 e3+ 54.Kc3 e2 
55.Rxc6 e1=Q+ 56.Kc4 Qe2+ 57.Kd5 Qf3+ 58.Kd6 Kxf6 0-1

[Event "27. Friedensfest-Open (AFRO-A)"]
[Site "Augsburg"]
[Date "2022.08.06"]
[Round "6.20"]
[White "Goldinger, Peter"]
[Black "Stoettner, Moritz"]
[Result "1/2-1/2"]
[WhiteElo "2059"]
[BlackElo "1906"]
[EventDate "2022.08.04"]
[Time "15:30:00"]
[WhiteTeam "SF Pfullingen"]
[BlackTeam "SK Landau-Dingolfing"]

1.d4 d5 2.c4 e6 3.Nc3 a6 4.e3 Nf6 5.Nf3 dxc4 6.Bxc4 b5 7.Bd3 Bb7 8.O-O c5 
9.dxc5 Bxc5 10.b3 O-O 11.Bb2 Nbd7 12.Qe2 Bd6 13.Rfd1 Qb8 14.h3 Ne5 15.Nxe5
Bxe5 16.f4 Bc7 17.Ba3 Rd8 18.Be7 Rc8 19.Bxf6 gxf6 20.Qh5 f5 21.Bxf5 exf5 
22.Rd7 Rf8 23.Qg5+ 1/2-1/2

[Event "27. Friedensfest-Open (AFRO-A)"]
[Site "Augsburg"]
[Date "2022.08.06"]
[Round "5.4"]
[White "Scheftlein, Richard"]
[Black "Weiss, Thomas"]
[Result "1-0"]
[WhiteElo "2285"]
[BlackElo "1970"]
[EventDate "2022.08.04"]
[Time "09:30:00"]
[WhiteTeam "Erfurter SK"]
[BlackTeam "DJK-Regensburg Nord e.V."]

1.d4 d5 2.c4 e6 3.Nc3 a6 4.cxd5 exd5 5.Nf3 c6 6.Bf4 Nf6 7.e3 Bd6 8.Bg5 h6 
9.Bh4 O-O 10.Qc2 Nbd7 11.Bd3 Re8 12.O-O-O Qc7 13.Kb1 b5 14.Bf5 Bb7 15.g4 
c5 16.dxc5 Qxc5 17.Nd4 Be7 18.Bxd7 Nxd7 19.Bxe7 Qxe7 20.Nf5 Qe5 21.Rd4 Nf6
22.f4 Qe6 23.h3 Rac8 24.Qd1 Rc4 25.Re1 b4 26.Na4 Ne4 27.b3 Rc7 28.Rxb4 
Rec8 29.Qd4 f6 30.Rb6 Qe8 31.Qb4 Bc6 32.Rc1 Bb5 33.Rxc7 Rxc7 34.Kb2 Kh7 
35.Nd4 Qc8 36.Ka3 Bd3 37.Rb8 Qd7 38.Nb6 a5 39.Rh8+ Kg6 40.f5+ 1-0

[Event "27. Friedensfest-Open (AFRO-A)"]
[Site "Augsburg"]
[Date "2022.08.05"]
[Round "3.15"]
[White "Schwertler, Philip"]
[Black "Weiss, Thomas"]
[Result "0-1"]
[WhiteElo "2112"]
[BlackElo "1970"]
[EventDate "2022.08.04"]
[Time "09:30:00"]
[WhiteTeam "SV Ilmmuenster"]
[BlackTeam "DJK-Regensburg Nord e.V."]

1.d4 d5 2.c4 e6 3.Nc3 a6 4.Nf3 dxc4 5.a4 Nc6 6.e4 Na5 7.Be3 c6 8.Ne5 b5 9.
axb5 cxb5 10.Qh5 g6 11.Qf3 f6 12.Ng4 h5 13.e5 Bb7 14.Qh3 f5 15.Nf6+ Nxf6 
16.Bg5 Be7 17.exf6 Bxf6 18.Bxf6 Qxf6 19.Rxa5 Rd8 20.Be2 h4 21.Qe3 h3 22.
Bf3 hxg2 23.Rg1 Bxf3 24.Qxf3 Qxd4 25.Qe3 Rxh2 26.Ke2 Qd6 27.f4 Rh3 28.Qc1 
Qd3+ 0-1

[Event "27. Friedensfest-Open (AFRO-A)"]
[Site "Augsburg"]
[Date "2022.08.06"]
[Round "5.36"]
[White "Schwertler, Philip"]
[Black "Cordes, Jule Johanne"]
[Result "1-0"]
[WhiteElo "2112"]
[BlackElo "1802"]
[EventDate "2022.08.04"]
[Time "09:30:00"]
[WhiteTeam "SV Ilmmuenster"]
[BlackTeam "Bielefelder SK von 1883"]

1.d4 d5 2.c4 e6 3.Nc3 c6 4.Nf3 Nf6 5.g3 Be7 6.Bg2 O-O 7.O-O b6 8.b3 Ba6 9.
Bb2 Nbd7 10.Nd2 Rc8 11.Re1 Qc7 12.e4 dxe4 13.Ncxe4 Nxe4 14.Nxe4 Nf6 15.Qf3
Rfd8 16.Rac1 Nxe4 17.Qxe4 Bf6 18.Rc2 Qd7 19.Rd2 c5 20.Red1 cxd4 21.Bxd4 
Qe7 22.h3 g6 23.Bxf6 Qxf6 24.Rd7 b5 25.Rxd8+ Rxd8 26.Rxd8+ Qxd8 27.c5 Qc7 
28.b4 Bc8 29.Qc6 Qxc6 30.Bxc6 a6 31.Kf1 Kf8 32.Ke2 Ke7 33.Ke3 Kd8 34.h4 
Kc7 35.Be4 f5 36.Ba8 e5 37.Bd5 h6 38.f4 e4 39.Bf7 Kc6 40.Kd4 Bd7 41.Bxg6 
Be6 42.a3 Bd7 43.Bf7 Bc8 44.Bg6 Be6 45.Bh5 Kd7 46.g4 Ke7 47.gxf5 Bxf5 48.
Bd1 Bh7 49.Bg4 Kf6 50.Bc8 1-0

[Event "27. Friedensfest-Open (AFRO-A)"]
[Site "Augsburg"]
[Date "2022.08.06"]
[Round "5.14"]
[White "Hauser, Carlos, Dr."]
[Black "Schneider, Peter"]
[Result "1-0"]
[WhiteElo "2253"]
[BlackElo "1527"]
[EventDate "2022.08.04"]
[Time "09:30:00"]
[WhiteTeam "SV 1947 Walldorf"]
[BlackTeam "SC Wolfratshausen 1948 e.V."]

1.d4 d5 2.c4 e6 3.Nc3 Nf6 4.cxd5 exd5 5.Bg5 Be7 6.Qc2 c6 7.e3 Nbd7 8.Bd3 
h6 9.Bf4 O-O 10.h3 Re8 11.Nf3 Nf8 12.g4 Ne6 13.Be5 Bd6 14.O-O-O Bxe5 15.
dxe5 Nd7 16.h4 Qc7 17.g5 h5 18.g6 Nxe5 19.Nxe5 Qxe5 20.gxf7+ Kxf7 21.Bg6+ 
Kf8 22.Bxe8 Kxe8 23.Qg6+ Kf8 24.Rh3 Bd7 25.Rf3+ Ke7 26.Rf5 Qh2 27.Rf7+ Kd8
28.Rxd7+ Kxd7 29.Qf7+ Kd6 30.Ne4+ Ke5 31.Ng5 Nxg5 32.Qc7+ 1-0